Leyenda y poesía en el Pirineo / por Jaime Castell
Publicado:
San Jorge, núm. 76 (4t trimestre 1969), pàg. 14 - 19 :
Materias:
Vall de Núria -- Catalunya -- Llegendes
MARC
| LEADER | 00000nam a2200000Ia 4500 | ||
|---|---|---|---|
| 001 | |||
| 008 | 160829s9999 xx 000 0 cat d | ||
| 100 | |a Castell, Jaume |9 33703 | ||
| 245 | |a Leyenda y poesía en el Pirineo / por Jaime Castell | ||
| 260 | |a San Jorge, núm. 76 (4t trimestre 1969), pàg. 14 - 19 | ||
| 590 | |a Conté 8 fotografies | ||
| 650 | |a Vall de Núria |x Catalunya |x Llegendes |9 40283 | ||
| 901 | |a Arxiu | ||
| 942 | |n 1 | ||
| 952 | |0 0 |1 0 |4 0 |7 1 |9 49546 |a Arxiu |b Arxiu |d 2016-12-01 |l 0 |r 2016-12-01 00:00:00 |w 2016-12-01 |y ARXIU | ||
| 999 | |c 53388 |d 53388 | ||